| 000 | 00973cam a2200277 a 4500 | ||
|---|---|---|---|
| 999 |
_c10146 _d10146 |
||
| 001 | 10146 | ||
| 003 | BD-JhCC | ||
| 005 | 20180418183510.0 | ||
| 008 | 180417r19851933enk 000 0 eng | ||
| 020 |
_a057105871X (pbk.) : _c$3.95 |
||
| 035 | _a(BD-JhCC)10146 | ||
| 040 |
_aDLC _cDLC _dDLC _dBD-JhCC |
||
| 041 | _aeng | ||
| 050 | 0 | 0 |
_aPR503 _b.E45 1985 |
| 082 | 0 | 0 |
_a821/.009 _219 _bELI 1985 |
| 100 | 1 |
_aEliot, T. S. _q(Thomas Stearns), _d1888-1965. |
|
| 245 | 1 | 4 |
_aThe use of poetry and the use of criticism : _bstudies in the relation of criticism to poetry in England / _cby T.S. Eliot. |
| 260 |
_aLondon ; _aBoston : _bFaber and Faber, _c1985. |
||
| 300 |
_a156 p. ; _c20 cm. |
||
| 490 | 0 | _aFaber paperbacks | |
| 500 | _aReprint. Previously published: 1970. Originally published: Cambridge, Mass. : Harvard University Press, 1933. | ||
| 650 | 0 |
_aEnglish poetry _xHistory and criticism. |
|
| 650 | 0 |
_aCriticism _zGreat Britain. |
|
| 942 |
_2ddc _cBK |
||